Conceptos clave en comunicación y estudios culturales

Saved in:
Bibliografiske detaljer
Main Authors: O'Sullivan, Tim (autor), Hartley, John (Author), Saunders, Danny (Author), Montgomery, Martin (Author), Fiske, John (Author)
Format: Bog
Sprog:spansk
Udgivet: Buenos Aires Amorrortu 1997
Udgivelse:1a. ed
Fag:
Tags: Tilføj Tag
Ingen Tags, Vær først til at tagge denne postø!

MARC

LEADER 00000cam a2200000 a 4500
001 UCS3790
003 CL-VaPUC
008 970718e19970000AG |||||||||||||||||spa|d
020 |a 9505186479 
082 0 4 |a 302.2  |b OSU  |2 21 
100 |a O'Sullivan, Tim  |e autor  |9 389992 
700 0 |a Hartley, John  |e author  |9 389993 
700 0 |a Saunders, Danny  |e author  |9 389994 
700 0 |a Montgomery, Martin  |e author  |9 389995 
700 0 |a Fiske, John  |e author  |9 389996 
245 1 0 |a Conceptos clave en comunicación y estudios culturales 
250 |a 1a. ed 
300 |a 409 p 
942 |c BK 
945 |d 19970718 00:00:00  |a rleighto 
260 |a Buenos Aires  |b Amorrortu  |c 1997 
650 0 |a Comunicación   |9 257251 
650 0 |a Estudios culturales  |9 389320 
650 0 |a Sociedad  |9 307903 
650 0 |a Cultura  |9 269059 
583 |a last modification  |c 20140318 04:01:16  |k Rodrigo Vera 
999 |c 261344  |d 261342 
952 |0 0  |1 4  |4 0  |6 302_200000000000000_OSU_1997  |7 0  |8 A  |9 288728  |a FDOPOS  |b BIBEDU  |d 2019-11-19  |i 3334759  |l 1  |m 1  |o 302.2 OSU 1997  |p 3334759  |r 2023-07-12  |s 2023-07-12  |w 2019-11-19  |y BK  |k MLH 
952 |0 0  |1 0  |4 0  |6 302_200000000000000_OSU_1997  |7 0  |8 A  |9 288729  |a BIBCUR  |b BIBCUR  |d 2019-11-19  |i 3334805  |o 302.2 OSU 1997  |p 3334805  |r 2025-04-22  |w 2019-11-19  |y BK  |k PER 
952 |0 0  |1 0  |3 erb  |4 0  |6 302_200000000000000_OSU_1997  |7 0  |8 A  |9 288730  |a BIBCUR  |b BIBCUR  |i 5062772  |o 302.2 OSU 1997  |p 5062772  |r 2025-04-22  |w 2019-11-19  |y BK  |z Catalogado en:20140324  |k PER